[Event "Ciocaltea Memorial"]
[Site "Bucharest"]
[Date "1994.??.??"]
[Round "1"]
[White "Istratescu, Andrei"]
[Black "Cosma, Ioan"]
[Result "1-0"]
[WhiteElo "2505"]
[BlackElo "2435"]
[Annotator "Hansen,LB"]
[PlyCount "65"]
[EventDate "1994.02.??"]
[EventType "tourn"]
[EventRounds "13"]
[EventCountry "ROU"]
[EventCategory "9"]
[SourceTitle "CBM 040"]
[Source "ChessBase"]
[SourceDate "1994.06.01"]
[SourceVersion "1"]
[SourceVersionDate "1994.06.01"]
[SourceQuality "1"]

1. e4 {Knaak} e6 2. d4 d5 3. Nd2 c5 4. Ngf3 cxd4 5. exd5 Qxd5 6. Bc4 Qd6 7. O-O
Nf6 8. Nb3 Nc6 9. Nbxd4 Nxd4 10. Nxd4 Bd7 11. b3 a6 (11... Be7 12. a4 a6 13.
Re1 Qc7 14. Qf3 O-O 15. Nf5 Bd8 16. Nxg7 $5 Kxg7 17. Bb2 Rg8 $1 18. g3 Be7 19.
Rad1 $44 {Tiviakov,S-Andersson,U/Haninge/1992/}) (11... h5 12. Nb5 Qe5 13. Qf3
Bxb5 14. Qxb7 Rb8 15. Bxb5+ Qxb5 16. Qxa7 Bc5 $17 {Yandemirov,V-Nenashev,A/
USSR-tm/1991/}) (11... Qc7 12. Qe2 Bd6 13. h3 O-O 14. Bb2 a6 15. Rad1 Rad8 16.
Nf3 Be7 17. Ne5 Bb5 $1 $10 {Yudasin,L-Ehlvest,J/Moscow SU-ch/1988/} 18. f4) (
11... O-O-O $5 12. Bb2 Qf4 13. Qe2 Bc5 14. Rad1 e5 $1 15. g3 Qe4 16. Qxe4 Nxe4
17. Bd3 Ng5 18. Nb5 a6 19. Nc3 Bh3 $17 {Ristoja,T-Kekki,P/Helsinki/1989/}) 12.
Bb2 b5 (12... Qc7 13. Qe2 O-O-O 14. Nf3 h5 15. Rad1 Bc5 16. Be5 Qc6 17. h3 Ne8
18. Bc3 f6 19. Ba5 Nc7 20. Nd4 Bxd4 21. Rxd4 Qc5 22. Bxc7 Kxc7 23. Qe3 Qe7 24.
Rfd1 Bc8 $14 {Psakhis,L-Nikolic,P/Sochi/1982/}) (12... Qf4 $5 {Knaak}) 13. Bd3
Be7 14. Qe2 O-O 15. Rad1 Rfd8 $2 (15... Qc7 $6 {Knaak} 16. Nf5 exf5 17. Qxe7
Rfe8 18. Qb4 Ng4 19. g3 $16) (15... Qc5 $14 {Knaak}) 16. Nxb5 $1 axb5 17. Bxf6
$1 (17. Bxh7+ $6 Nxh7 $1 18. Rxd6 Bxd6 $17) 17... Qb4 (17... gxf6 18. Bxh7+
Kxh7 19. Rxd6 Bxd6 20. Qd3+ $18) 18. Bxe7 Qxe7 19. Bxb5 Bxb5 20. Qxb5 Rxa2 21.
Qc5 $1 Qxc5 22. Rxd8+ Qf8 23. Rxf8+ Kxf8 24. Rc1 $18 Ke7 25. Kf1 $1 e5 26. Ke2
f5 27. Kd3 Ke6 28. Kc4 Ra8 29. b4 Rc8+ 30. Kb3 e4 31. c4 Rd8 32. c5 f4 33. c6
1-0

[Event "Malmo"]
[Site "Malmo"]
[Date "1993.??.??"]
[Round "2"]
[White "Rozentalis, Eduardas"]
[Black "Hansen, Lars Bo"]
[Result "1/2-1/2"]
[WhiteElo "2595"]
[BlackElo "2545"]
[Annotator "Hansen,LB"]
[PlyCount "53"]
[EventDate "1993.06.??"]
[EventType "tourn"]
[EventRounds "9"]
[EventCountry "SWE"]
[EventCategory "11"]
[SourceTitle "CBM 036"]
[Source "ChessBase"]
[SourceDate "1993.10.01"]
[SourceVersion "1"]
[SourceVersionDate "1993.10.01"]
[SourceQuality "1"]

1. e4 e6 2. d4 d5 3. Nd2 c5 4. Ngf3 cxd4 5. exd5 Qxd5 6. Bc4 Qd6 7. O-O Nf6 8.
Nb3 Nc6 9. Nbxd4 Nxd4 10. Nxd4 a6 11. Re1 (11. a4 Qc7 12. Qe2 Bd6 13. h3 O-O
14. Rd1 Bd7 15. Bg5 Kh8 $13 {Rasmussen,K-Hansen,LB/Ry DK-ch play-off/1993/})
11... Qc7 12. Bb3 Bd7 $5 {Kramnik`s alternative to the complicated 12..Bd6.13.
Nf5!?} 13. Qf3 (13. Bg5 O-O-O 14. c3 Bd6 15. Bxf6 gxf6 16. Qh5 Rdf8 17. g3 Qc5
18. Bd1 Rhg8 $5 19. Qxh7 f5 $44 {Kotronias,V-Kramnik,V/Chalkidiki/1992/}) 13...
Bd6 14. h3 O-O-O 15. Bg5 Qc5 $1 16. Be3 (16. Bxf6 gxf6 17. Qxf6 Rhg8 $44) (16.
Qe3 Qc7 $1 17. Qf3 Qc5 18. Qe3 {1/2;Kotronias,V-Kramnik,V/Gausdal/1992/}) 16...
Qe5 $1 17. g3 Qe4 $10 18. Rad1 Bc6 19. Qxe4 Bxe4 20. Bg5 Bg6 21. c3 h6 (21...
Bc5 22. Bf4 Rhe8 23. Be5 Bf8 24. Bc4 {1/2;Tiviakov,S-Kramnik,V/URS-ch/1991/})
22. Bxf6 gxf6 23. Bc2 Bxc2 24. Nxc2 f5 25. Rd3 f4 $1 26. gxf4 Bxf4 27. Red1 {
=/=/+} 1/2-1/2

[Event "Women-Veterans"]
[Site "London"]
[Date "1996.??.??"]
[Round "8"]
[White "Xie, Jun"]
[Black "Spassky, Boris Vasilievich"]
[Result "0-1"]
[WhiteElo "2510"]
[BlackElo "2555"]
[Annotator "Har Zvi,R"]
[PlyCount "94"]
[EventDate "1996.08.15"]
[EventType "schev"]
[EventRounds "5"]
[EventCountry "ENG"]
[SourceTitle "CBM 055"]
[Source "ChessBase"]
[SourceDate "1996.12.01"]
[SourceVersion "1"]
[SourceVersionDate "1996.12.01"]
[SourceQuality "1"]

1. e4 {Hecht} e6 2. d4 d5 3. Nd2 c5 4. exd5 Qxd5 5. Ngf3 cxd4 6. Bc4 Qd6 7. O-O
Nf6 8. Nb3 Nc6 9. Nbxd4 Nxd4 10. Nxd4 a6 11. c3 Qc7 12. Qe2 Bd6 13. h3 h6 {
according to my data a novelty,13...0-0 is the move in this position white
then white may play 14.Bg5 but of course this should be "so" dangerous for
black} (13... O-O 14. Bg5 Ne4 $1 (14... b5 $6 15. Bd3 Bb7 $2 $18 16. Bxf6 gxf6
17. Qg4+ Kh8 18. Qh4 f5 19. Bxf5 $1 f6 (19... exf5 20. Qf6+ Kg8 21. Nxf5 Be5
22. Nh6#) 20. Nxe6 Qd7 21. Rad1 Rf7 22. Ng5 Bh2+ 23. Kh1 {1-0 Rogic,D-Psakhis,
L Zagreb zt 1993}) (14... Kh8 15. Rad1 Bh2+ 16. Kh1 Bf4 17. Bxf4 Qxf4 18. Nf3
b5 19. Rd4 Qc7 20. Bb3 Bb7 21. Rfd1 $14 {Spasov,V-Akopian,V Debrecen EU-chT/
1992}) 15. Qxe4 (15. Bh4 Nd2 $1 16. Qxd2 Qxc4 17. Bg3 Bxg3 18. fxg3 b5 19. a3
Bb7 20. Rae1 Rad8 $15 {Kosashvili,Y-Holzke,F Biel op 1989}) (15. Be3 b5 16. Bd3
Bb7 17. Qc2 Nf6 18. Bg5 h6 19. Bxf6 gxf6 20. Be4 Bxe4 $1 (20... f5 $2 21. Bxb7
Qxb7 22. Qd2 $1 Qe4 (22... Kh7 23. Nxf5) 23. Qxh6 Qf4 24. Qxf4 Bxf4 25. a4 $18
{Elseth,R-Djurhuus,R NOR-ch Randaberg 1989}) 21. Qxe4 f5 22. Qf3 Rac8 23. Rad1
Be5 24. Rd3 Rcd8 25. Rfd1 Bg7 $10 {Bagirov,V-Djurasevic,B Oberhausen 1961})
15... Qxc4 16. Bf4 Bxf4 17. Qxf4 Bd7 18. Qe3 Rae8 19. f4 f6 20. b3 Qc8 21. c4
$10 {Palac,M-Keitlinghaus,L Prague Bohemians-A 1990}) 14. Nf5 Bf8 15. a4 (15.
g3 $5 {with the idea 15...g6 16.Bf4} e5 16. Bf4 Bxf5 17. Bxe5 Qe7 18. Rad1 {
with a bid mass,but this position can be very dangerous for black}) 15... g6
16. Nd4 Bg7 17. Bxe6 $4 {white feels he must some how exploit black's strange
13...h6 and decides to sacrifise but it is very strange since the defence for
black in this position is very easy} fxe6 18. Nxe6 Bxe6 19. Qxe6+ Kf8 20. b3
Qf7 $8 {maybe white had missed this move} 21. Qd6+ Kg8 {only 4 moves have
passed from white's sacrifise and already it is cleat the  game is over!} 22.
Re1 Re8 23. Rxe8+ Nxe8 24. Qb4 Nf6 25. Bb2 Nd5 26. Qc5 Kh7 27. Re1 Rf8 28. Re2
Qf5 $6 (28... Nf4 $1 {when you are a piece up you can try to exchange some
pieces and win in the endgame or try to go for the attack and chackmate your
opponent} 29. Re7 Qxb3 (29... Nd3 30. Rxf7 Nxc5) 30. Qb4 (30. Qe5 Rf7) 30...
Qd1+ 31. Kh2 Nd3 (31... Ne2 $2 32. Rxg7+ Kxg7 33. Qe7+ Kg8 34. Qe6+ Kh7 (34...
Rf7 $2 35. Qe8+ Kg7 36. c4+ Nd4 37. Qe5+) 35. Qe7+)) 29. Rd2 Nxc3 $1 30. Qxf5
Rxf5 31. Rd7 Kg8 32. Rxg7+ Kxg7 33. Bxc3+ {Hecht: Weiß stellt alle Bauern auf
L-Farbe und verliert durch Zugzwang. Besser wK auf d3/c3 und nur
K-Flügel-Bauern auf L-Farbe bringen. Dann warten. Gewinnplan für Schwarz ?
Analyse!} Kf7 34. Kf1 Rc5 35. Bd2 h5 36. Ke2 Rc2 37. a5 (37. Kd3 Rb2 (37... Ra2
$140 {Hecht} 38. h4 Ke6 39. Be3 Kd5 40. Kc3 Ra1 41. Kd3 {[#]} Rg1 42. g3 Rf1
43. Kc3 Ke4 44. Kc4 Kf3 45. Kc5 Rxf2 46. Bxf2 Kxf2 47. Kb6 Kxg3 48. Kxb7 $10)
38. Kc3 Rb1) 37... Ke6 38. b4 (38. Kd3 Ra2 {[%csl Ra5,Rf2]}) 38... Kd5 39. Kd3
Rb2 40. h4 Rb1 41. g3 Rb3+ 42. Bc3 Ra3 {[%csl Rb4,Rf2][%cal Yd5c4] Zugzwang!}
43. f3 Rb3 44. g4 Ra3 45. gxh5 gxh5 46. f4 Ra2 47. Bd2 Ra1 0-1

[Event "Hastings 0102 77th"]
[Site "Hastings"]
[Date "2002.01.06"]
[Round "9"]
[White "Wells, Peter K"]
[Black "Pert, Nicholas"]
[Result "1-0"]
[WhiteElo "2517"]
[BlackElo "2451"]
[Annotator "Hecht,H"]
[PlyCount "139"]
[EventDate "2001.12.29"]
[EventType "tourn"]
[EventRounds "9"]
[EventCountry "ENG"]
[EventCategory "11"]
[SourceTitle "CBM 087"]
[Source "ChessBase"]
[SourceDate "2002.03.21"]
[SourceVersion "1"]
[SourceVersionDate "2002.03.21"]
[SourceQuality "1"]

1. e4 e6 2. d4 d5 3. Nd2 c5 4. Ngf3 cxd4 5. Nxd4 Nc6 6. Bb5 Bd7 7. Nxc6 Bxc6 8.
Bxc6+ bxc6 9. c4 Bc5 10. Qa4 Ne7 11. exd5 exd5 12. Nb3 Bb6 13. c5 Bc7 14. O-O
O-O 15. Bg5 f6 16. Bf4 Re8 17. Bxc7 Qxc7 18. Nd4 Rac8 19. Rae1 Qd7 20. h3 Ng6
21. Rxe8+ Rxe8 22. Qxc6 Qxc6 23. Nxc6 Rc8 24. Nxa7 Rxc5 {[#] Verbundene
Freibauern mit kleiner Taktik. Später 3-2 Bauern am Königsflügel bei schlecht
postiertem schwarzen König.} 25. b4 Rc2 26. a4 d4 27. b5 Ne5 28. Rd1 d3 29. b6
Nd7 30. a5 Nc5 31. Nb5 Rb2 32. Nc7 Ra2 33. Rxd3 Rxa5 (33... Nxd3 34. b7 Rb2 35.
a6 Kf7 36. a7 (36. Ne8 {um den Springer zu behalten (FRITZ).}) 36... Rxb7 37.
a8=Q Rxc7 38. Qd5+ $18) 34. Rc3 (34. Rd5 Nb7 ({aber} 34... Ra1+ 35. Kh2 Nb7 36.
Rd7 Rb1 37. Nd5 Nc5 38. Rc7 Na6 $16 {ist durchaus nicht sonnenklar}) 35. Rxa5
Nxa5 {Das Springerendspiel dagegen bietet beste Gewinnaussichten.}) 34... Kf7
35. Nd5 (35. Kh2 $5 {[%cal Rc3c5]} Nb7 (35... Nd7 36. b7 Nb8 $13 (36... Ra7 37.
Nb5 $18)) 36. Ne8 Kxe8 37. Rc8+ Kf7 38. Rc7+ Kg6 39. Rxb7 Rb5 $16) 35... Ke6
36. Nf4+ Kd6 37. Nh5 Ne6 38. Rb3 Ra8 39. Ng3 Rb8 40. Nf5+ Kc5 41. Rc3+ Kxb6 42.
Re3 $1 {Gewinnt einen Bauern bei schlechter schwarzer Königsposition} Nf4 ({
denn} 42... Re8 43. Nd6 Re7 44. Nc8+ $18) 43. Nxg7 Rg8 44. Re7 Kc6 45. Kh2 Kd5
46. g3 Ng6 47. Ra7 Rf8 48. Kg2 Kd6 49. Nf5+ Ke5 50. Ne3 f5 (50... Rh8 51. Ng4+
{mit Gewinn des Bf6}) 51. Rxh7 $18 {Der Rest ist nicht mehr sonderlich
interessant.} f4 52. Ng4+ Ke6 53. Rh6 Kf7 54. Rh7+ Ke6 55. Rh6 Kf7 56. Rh5 Re8
57. Rh7+ Ke6 58. h4 Rb8 59. Kf3 Ra8 60. Rh6 Kf7 61. h5 Ra3+ 62. Kg2 f3+ 63. Kh2
Nf8 64. Rf6+ Ke7 65. Rf5 Ne6 66. Ne5 Ng7 67. Rf7+ Ke6 68. Rxg7 Kxe5 69. Rf7 Rd3
70. Kh3 1-0

[Event "Reggio Emilia 9596 38th"]
[Site "Reggio Emilia"]
[Date "1996.01.04"]
[Round "7"]
[White "Godena, Michele"]
[Black "Dreev, Alexey"]
[Result "1/2-1/2"]
[WhiteElo "2420"]
[BlackElo "2670"]
[Annotator "Hecht,H"]
[PlyCount "120"]
[EventDate "1995.12.28"]
[EventType "tourn"]
[EventRounds "9"]
[EventCountry "ITA"]
[EventCategory "14"]
[SourceTitle "CBM 051"]
[Source "ChessBase"]
[SourceDate "1996.04.01"]
[SourceVersion "1"]
[SourceVersionDate "1996.04.01"]
[SourceQuality "1"]

1. e4 e6 2. d4 d5 3. Nd2 c5 4. exd5 Qxd5 5. Ngf3 cxd4 6. Bc4 Qd8 7. O-O a6 8.
Nb3 Qc7 9. Qe2 Nc6 10. Rd1 Bd6 11. Nbxd4 Nxd4 12. Rxd4 Ne7 13. a4 Bd7 14. Bd3
Bc6 15. Be4 Rc8 16. Rc4 Qa5 17. Bg5 Bxe4 18. Rxc8+ Nxc8 19. Qxe4 Qb4 20. Qxb4
Bxb4 21. Rd1 Ba5 22. Be3 Bb6 23. Bd4 Bxd4 24. Rxd4 {[#] TS-TS: schlechte
schwarze Verteidigung bis Zug 30; ab Zug 40 schlechte weiße Spielführung bei 2
verbundenen Mehr(frei-)bauern} f6 (24... Na7 25. Rb4 $18) 25. h4 Ke7 26. Rg4 g6
27. Rc4 Kd7 28. Rf4 Rf8 $6 (28... Ke7 $142) 29. h5 Ne7 $2 (29... Ke7) 30. Ng5
$1 Rc8 31. Rxf6 gxh5 (31... Rxc2 32. h6 Nf5 33. Rf7+ $18) 32. c3 Rc4 33. Nxe6
Nd5 34. Rh6 b6 35. Nd4 Rxa4 36. Rxh7+ Kd6 37. Rh6+ Kd7 38. Rxh5 Nf4 39. Rh7+
Ke8 40. Rh6 $2 (40. g3 Nd3 41. f4 $18 {Idee: f4-f5-f6}) 40... b5 41. Rh8+ Kf7
42. Rh7+ Kg6 43. Re7 Nd3 44. Re2 b4 45. Rd2 bxc3 46. bxc3 (46. Rxd3 cxb2 47.
Rb3 Ra1+ $19) 46... Nc5 47. Rb2 Ne4 48. Ne2 a5 49. f3 Ra1+ 50. Kh2 Nc5 51. Rb5
Nd3 52. Kg3 Kf6 53. Rd5 (53. Nf4 Ne5 (53... Nc1 54. Kg4 a4 55. Rb6+ $16) 54.
Nd5+ Ke6 55. f4 $16) 53... Nb2 54. Nd4 a4 55. Rf5+ Ke7 56. Ra5 Rc1 57. Nb5 Ke6
58. Kf4 Kd5 59. Na3+ Kc6 60. Rb5 Nd3+ {z.B.} (60... Nd3+ 61. Ke3 Nc5 (61...
Rxc3 62. Nb1 Rc1 63. Rb8 Nc5 64. g4 $13) 62. Kd2 Rg1 $1 (62... Ra1 63. Nc2 Nb3+
64. Rxb3 axb3 65. Nd4+ Kd5 66. Nxb3 Ra2+ 67. Kd3 Rxg2 $10) 63. g4 $2 Rg2+ 64.
Kc1 Ra2 65. Rxc5+ Kxc5 66. Nc2 a3 67. Kb1 Rb2+ 68. Kc1 Rb3 $19) 1/2-1/2

[Event "RUS-ch51"]
[Site "St Petersburg"]
[Date "1998.08.05"]
[Round "9"]
[White "Rublevsky, Sergei"]
[Black "Ivanov, Sergey"]
[Result "1-0"]
[WhiteElo "2685"]
[BlackElo "2550"]
[Annotator "Hecht,H"]
[PlyCount "101"]
[EventDate "1998.07.28"]
[EventType "swiss"]
[EventRounds "11"]
[EventCountry "RUS"]
[SourceTitle "CBM 067"]
[Source "ChessBase"]
[SourceDate "1998.11.30"]
[SourceVersion "2"]
[SourceVersionDate "1998.11.01"]
[SourceQuality "1"]

1. e4 e6 2. d4 d5 3. Nd2 c5 4. exd5 Qxd5 5. dxc5 Bxc5 6. Ngf3 Nf6 7. Bd3 O-O 8.
Qe2 Nbd7 9. b3 Ng4 10. O-O Nde5 11. Be4 Nxf3+ 12. Nxf3 Qh5 13. Bf4 Nf6 14. Rad1
Qg4 15. Qc4 Nxe4 16. Qxe4 f6 17. h3 Qg6 18. Qc4 Bb6 19. Be3 Bxe3 20. fxe3 Qe8
21. Ng5 Qe7 22. Ne4 Rd8 23. Rd4 Rxd4 24. exd4 b6 25. d5 Bb7 26. d6 Qd7 27. Rxf6
Bd5 28. Qd3 Bxe4 29. Qxe4 Re8 30. Rf3 Qxd6 31. c4 Qd1+ 32. Rf1 Qd6 33. Qb7 Qe7
34. Qxe7 Rxe7 35. Kf2 Rf7+ 36. Ke2 Rxf1 37. Kxf1 {Thema: Entfernter Freibauer
i.V. mit Zugzwang} Kf7 38. Ke2 Kf6 39. Ke3 Ke5 40. b4 a5 41. a3 h5 42. h4 Kf5
43. Kd4 e5+ 44. Ke3 Ke6 45. Ke4 Kd6 46. Kf5 g6+ 47. Ke4 Ke6 48. c5 bxc5 49.
bxa5 Kd6 50. a6 Kc6 51. Kxe5 1-0

[Event "RUS-chT 05th"]
[Site "Maikop"]
[Date "1998.06.13"]
[Round "11"]
[White "Vorobiov, Evgeny E"]
[Black "Ivanov, Sergey"]
[Result "0-1"]
[WhiteElo "2475"]
[BlackElo "2570"]
[Annotator "Hecht,H"]
[PlyCount "82"]
[EventDate "1998.06.03"]
[EventType "team-tourn"]
[EventRounds "11"]
[EventCountry "RUS"]
[SourceTitle "CBM 066"]
[Source "ChessBase"]
[SourceDate "1998.09.30"]
[SourceVersion "1"]
[SourceVersionDate "1998.09.30"]
[SourceQuality "1"]
[WhiteTeam "Moscow Apiko-Yakimanka"]
[BlackTeam "Sankt Petersburg"]
[WhiteTeamCountry "RUS"]
[BlackTeamCountry "RUS"]

1. e4 e6 2. d4 d5 3. Nd2 c5 4. Ngf3 cxd4 5. Nxd4 Nf6 6. exd5 Qxd5 7. Nb5 Na6 8.
c4 Qf5 9. Qf3 Qxf3 10. Nxf3 Bb4+ 11. Nd2 Bd7 12. a3 Bxd2+ 13. Bxd2 Bxb5 14.
cxb5 Nc5 15. Bc4 Rc8 16. Rc1 Nce4 17. Bd3 Kd7 18. Be3 Nd5 19. Ke2 Nxe3 20. Bxe4
Nd5 21. Bxd5 exd5 22. Kd3 Kd6 23. Rhe1 Rxc1 24. Rxc1 Re8 {[#] Die Position ist
wegen des ideellen Mehrbauern besser für Schwarz. Wenn sich Weiß ruhig verhält
und sich keine Bauern- und Felderschwächen produziert, sollte er überleben
können.} 25. f3 $6 (25. a4 $5 Re4 26. b3) 25... f5 26. f4 h6 27. g3 (27. h4 $5)
27... g5 28. fxg5 (28. Rf1 $5 g4 29. Rc1) 28... hxg5 29. Rf1 Rf8 30. h4 f4 $1 {
[#] Unversehens gleitet die Partie in taktische Gewässer ab. Schwarz erhält
zwei vereinzelte Freibauern, die schneller sind.} 31. hxg5 (31. gxf4 Rxf4 32.
Rxf4 gxf4 33. h5 Ke6 $19) 31... fxg3 $1 32. Rg1 Rf3+ 33. Ke2 (33. Kd4 Rf4+ 34.
Ke3 Rg4 35. Kf3 Rxg5 36. Rxg3 Rxg3+ 37. Kxg3 Kc5 $19) 33... Rb3 34. g6 Ke6 35.
Rc1 Rxb2+ 36. Kf1 Kf6 37. Rc7 Kxg6 38. Rxb7 Kf5 39. Rxa7 d4 40. Rg7 d3 41. Ke1
g2 0-1

[Event "Petrov Memorial op"]
[Site "St Petersburg"]
[Date "1996.??.??"]
[Round "4"]
[White "Sulskis, Sarunas"]
[Black "Zakharov, Alexander S"]
[Result "1-0"]
[WhiteElo "2505"]
[BlackElo "2300"]
[Annotator "Hecht,H"]
[PlyCount "85"]
[EventDate "1996.02.??"]
[EventType "swiss"]
[EventRounds "9"]
[EventCountry "RUS"]
[SourceTitle "CBM 052"]
[Source "ChessBase"]
[SourceDate "1996.06.01"]
[SourceVersion "1"]
[SourceVersionDate "1996.06.01"]
[SourceQuality "1"]

1. e4 e6 2. d4 d5 3. Nd2 c5 4. Ngf3 cxd4 5. exd5 Qxd5 6. Bc4 Qd6 7. O-O Nf6 8.
Nb3 Nc6 9. Nbxd4 Nxd4 10. Nxd4 a6 11. a4 Qc7 12. Qe2 Bc5 13. Nf3 O-O 14. Bg5
Be7 15. Rfe1 Bd7 16. Ne5 Rac8 17. Bb3 Rfd8 18. Nxd7 Rxd7 19. Rad1 Rcd8 20. Rxd7
Qxd7 21. g3 Nd5 22. Bxe7 Nxe7 23. c3 Qc7 24. Bc2 g6 25. h4 Qc5 26. Rd1 Rxd1+
27. Qxd1 {DL-DS: B-Majorität am Damenflügel, guter Läufer bei unsymmetrischer
B-Verteilung, Taktik} Nf5 (27... Nd5 28. h5 Kg7 29. Qd2 $14) (27... h5 $5 28.
Qd7 b6 {nebst a5, Kg7 und evtl Se7-d5-f6-g4}) 28. Qf3 Nd6 29. b4 Qe5 30. a5 {
[%csl Rb7]} Kg7 31. Kg2 h5 32. Qd3 {Plan: Lc2-d1-f3} Nb5 33. c4 Nd4 34. Qe4 Qd6
(34... Qxe4+ 35. Bxe4 Nc6 36. Bxc6 bxc6 37. b5 $18) 35. Ba4 b5 (35... Nc6 36.
Bxc6 bxc6 37. b5 cxb5 38. cxb5 axb5 39. Qb7 $18 {[%cal Ra5a8]}) 36. cxb5 axb5
37. a6 $1 Qb6 38. Bxb5 $1 $18 Nxb5 39. Qb7 Qd4 40. Qxb5 Qe4+ 41. Kg1 (41. Kh2
Qf3 42. Qc5 $18) 41... Qe1+ 42. Qf1 Qxb4 43. Qa1+ 1-0

[Event "Merida"]
[Site "Merida"]
[Date "2000.06.15"]
[Round "3"]
[White "Akopian, Vladimir Eduardovic"]
[Black "Shirov, Alexei"]
[Result "0-1"]
[WhiteElo "2660"]
[BlackElo "2751"]
[Annotator "Hecht,H"]
[PlyCount "162"]
[EventDate "2000.06.13"]
[EventType "tourn"]
[EventRounds "6"]
[EventCountry "MEX"]
[EventCategory "17"]
[SourceTitle "CBM 078"]
[Source "ChessBase"]
[SourceDate "2000.10.18"]
[SourceVersion "1"]
[SourceVersionDate "2000.10.18"]
[SourceQuality "1"]

1. e4 e6 2. d4 d5 3. Nd2 c5 4. exd5 Qxd5 5. Ngf3 cxd4 6. Bc4 Qd6 7. O-O Nf6 8.
Nb3 Nc6 9. Nbxd4 Nxd4 10. Qxd4 Qxd4 11. Nxd4 Bc5 12. Nb3 Be7 13. Bf4 Bd7 14.
Be2 Nd5 15. Bg3 h5 16. h3 h4 17. Bh2 O-O-O 18. Rfd1 Nb6 19. Na5 Bb4 20. Nc4
Nxc4 21. Bxc4 f6 22. c3 Ba5 23. Kf1 e5 24. f3 Bb6 25. Bg1 Bxg1 26. Kxg1 Ba4 27.
b3 Bc6 28. Kf2 Kc7 29. Bd3 Rd6 30. Be4 Bxe4 31. Rxd6 Kxd6 32. fxe4 Rc8 33. Rd1+
Ke6 34. Rd3 b5 35. g3 hxg3+ 36. Rxg3 g5 37. Rf3 b4 38. c4 Rh8 39. Ke3 Rh4 40.
Kd3 Rf4 41. Ke3 Kd6 42. Rf2 Ke6 43. Rf3 a6 44. Rf2 Rh4 45. Rf3 Rh7 46. Kd2 a5
47. Kc2 Rh8 48. Kd2 Rh6 49. Ke2 Rh7 50. Kd2 Rh8 51. Kc2 Rh6 52. Kd2 Kd6 53.
Rd3+ Kc6 54. Rf3 Kc5 55. Rd3 a4 56. Rd5+ Kc6 57. Rb5 Rxh3 58. Rxb4 axb3 59.
axb3 {[#] Freibauernrennen} Kc5 60. Rb8 g4 61. Rg8 Rg3 62. Ke2 Kd4 63. Kf2 Rf3+
64. Kg2 Rf4 65. Rd8+ Kxe4 66. Rd2 {mit der Idee unter Bauernopfer den
schwarzen Turm passiv zu stellen.} (66. c5 Rf3 67. b4 Rc3 68. Rc8 f5 69. b5 f4
70. b6 Rc2+ 71. Kf1 g3 72. b7 g2+ 73. Kg1 Kf3 $19) 66... Rf3 67. Rb2 Rc3 68. b4
Rxc4 69. b5 Rc7 70. b6 Rb7 71. Kg3 f5 (71... Kd5 72. Kxg4 Kc5 73. Kf5 Rxb6 74.
Rd2 {führt zur Blockade}) 72. Rb4+ Kd5 73. Rb5+ Ke6 74. Kh4 Kf6 75. Rb1 e4 76.
Rb5 e3 77. Kg3 Kg5 78. Kg2 e2 79. Kf2 Re7 80. Ke1 g3 81. Rb3 f4 0-1

[Event "RUS-ch"]
[Site "Elista"]
[Date "1995.??.??"]
[Round "2"]
[White "Mitenkov, Alexey"]
[Black "Ivanov, Sergey"]
[Result "0-1"]
[WhiteElo "2430"]
[BlackElo "2545"]
[Annotator "Hecht,H"]
[PlyCount "130"]
[EventDate "1995.10.??"]
[EventType "swiss"]
[EventRounds "11"]
[EventCountry "RUS"]
[SourceTitle "CBM 050"]
[Source "ChessBase"]
[SourceDate "1996.02.01"]
[SourceVersion "1"]
[SourceVersionDate "1996.02.01"]
[SourceQuality "1"]

1. e4 e6 2. d4 d5 3. Nd2 c5 4. exd5 Qxd5 5. Ngf3 cxd4 6. Bc4 Qd6 7. O-O Nf6 8.
Nb3 Nc6 9. Nbxd4 Nxd4 10. Qxd4 Bd7 11. Be3 Rc8 12. Ne5 Qxd4 13. Bxd4 Bc5 14.
Rad1 Bxd4 15. Rxd4 Ke7 16. f4 Rhd8 17. Rfd1 b5 18. Be2 Be8 19. c3 Rxd4 20. Rxd4
Nd5 21. Kf2 f6 22. Nf3 Nb6 23. g3 a6 24. Rd2 h6 25. Nd4 Nc4 26. Rc2 Bg6 27. f5
Bxf5 28. Nxf5+ exf5 29. b3 Nd6 30. c4 Ke6 31. Bd3 bxc4 32. bxc4 Ke5 33. Ke3 Rc5
34. Bf1 g5 35. Kd3 Ne4 36. a3 Ra5 37. Ra2 f4 38. gxf4+ gxf4 39. Bg2 f5 40. Bf3
Rc5 41. Re2 Ra5 42. Ra2 Ng5 43. Bd5 Ne4 44. Ra1 f3 45. Ke3 f2 46. Ke2 Nc3+ 47.
Kxf2 Nxd5 48. cxd5 Kxd5 {T-T Motive: passive wT+K, 1 schwarzer Mehrbauer, Raum}
49. Kf3 Ra4 50. Rd1+ Ke5 51. Rd3 h5 52. Re3+ Kf6 53. Rc3 Kg5 54. Kg3 a5 55. Rb3
Rc4 56. Rd3 a4 57. Kf3 h4 58. Kf2 Kg4 59. Rd8 Rc2+ 60. Kg1 Rc3 61. Kg2 h3+ 62.
Kf2 Rxa3 63. Rd4+ f4 64. Rd8 Ra2+ 65. Kg1 f3 0-1